|
|
|
|
| LEADER |
00856nam a2200217 a 4500 |
| 001 |
GR-MES10420 |
| 008 |
060705s gr 000 0 gre d |
| 020 |
|
|
|a 0764569961
|
| 040 |
|
|
|a GrPaTEI
|b gre
|c GR-PaULI
|
| 040 |
|
|
|a GrPaTEI
|b gre
|c GR-PaULI
|
| 100 |
1 |
|
|a Gundavaram, Shishir
|
| 245 |
1 |
0 |
|a Beginning fedora 2 /
|c Shishir Gundavaram.
|
| 260 |
|
|
|a Indianapolis :
|b Wiley,
|c c2004
|
| 300 |
|
|
|a xx , 645σ. :
|b εικ. ;
|c 24εκ. +
|e 1CD-ROM ( 4 3/4 in )
|
| 500 |
|
|
|a Περιλαμβάνει ευρετήριο.
|
| 650 |
|
0 |
|a LINUX
|
| 650 |
|
0 |
|a Operating systems (Computers)
|
| 942 |
|
|
|2 ddc
|
| 952 |
|
|
|0 0
|1 0
|2 ddc
|4 0
|6 005_446000000000000_5_BEG
|7 0
|9 269900
|a MSLG
|b MSLG
|c BSC
|d 2021-01-17
|e 24
|f 0
|g 0.00
|l 0
|o 005.446 5 BEG
|p 2420000020131
|r 2021-01-17 00:00:00
|t 1
|w 2021-01-17
|y BK15
|x 20060705 0 1
|x GrPaTEI
|
| 971 |
|
|
|a .b25764676
|b 15-04-20
|c 13-09-16
|
| 999 |
|
|
|c 155823
|d 155823
|